000 00633nam a2200205 a 4500
999 _c1132
_d1132
001 1132
003 BD-JhCC
005 20171015171141.0
008 171015s2006 bg |||| |||| 000 0 ben d
035 _a(BD-JhCC)1132
040 _aBD-JhCC
_dBD-JhCC
041 _aben
082 _a891.443
_bZAH 2006
100 _aজহির, শহীদুল
245 _aমুখের দিকে দেখি /
_cশহীদুল জহির
260 _aঢাকা:
_bমাওলা ব্রাদার্স,
_c২০০৬
300 _a১৪২ পৃ.;
_c২২ সে.মি.
650 _aBengali Novel
942 _2ddc
_cBK